Zníženie - znovuvyužitie - recyklacia odpadov
Guardado en:
| Autor principal: | |
|---|---|
| Otros Autores: | |
| Formato: | Manuscrito Libro |
| Lenguaje: | eslovaco |
| Publicado: |
2015
|
| Materias: | |
| Acceso en línea: | http://is.stuba.sk/zp/portal_zp.pl?podrobnosti=99994 https://opac.crzp.sk/?fn=detailBiblioForm&sid=752BE197E3AE405D458AF279404B |
| Etiquetas: |
Sin Etiquetas, Sea el primero en etiquetar este registro!
|
MARC
| LEADER | 00000ntm a22000003a 4500 | ||
|---|---|---|---|
| 001 | stuzp51864 | ||
| 003 | SK-STU | ||
| 005 | 20230616132518.1 | ||
| 007 | ta | ||
| 008 | 150427s2015----xo-----f-mn---000-0-slo-d | ||
| 040 | |a STU |b slo | ||
| 041 | 0 | |a slo | |
| 100 | 1 | |a Fürek, Matúš |u 010280 |4 aut |U SvF Stavebná fakulta |T SvF Katedra zdravotného inžinierstva |X 55701 |U V280 |Y 29 |7 55701 | |
| 242 | 0 | 1 | |a Reduce, Reuse and Recycle of Waste |y eng |
| 245 | 1 | 0 | |a Zníženie - znovuvyužitie - recyklacia odpadov |
| 260 | |c 2015 | ||
| 650 | 4 | |a Životné prostredie |2 slo | |
| 650 | 4 | |a Koncept 3R |2 slo | |
| 650 | 4 | |a Odpadové hospodárstvo |2 slo | |
| 650 | 4 | |a Waste Management |2 eng | |
| 650 | 4 | |a Environment |2 eng | |
| 650 | 4 | |a 3Rs Concept |2 eng | |
| 700 | 1 | |a Škultétyová, Ivona |4 ths |X 2732 |7 A000002732 | |
| 856 | 4 | |u http://is.stuba.sk/zp/portal_zp.pl?podrobnosti=99994 | |
| 856 | 4 | |u https://opac.crzp.sk/?fn=detailBiblioForm&sid=752BE197E3AE405D458AF279404B | |
| SQL | |a stuzp51864 |b DBP |c SLO |d Zníženie - znovuvyužitie - recyklacia odpadov |e 55701 |f Fürek, Matúš |g 010280 |h 2732 |i Škultétyová, Ivona |j 20150623 |k 985 |l 01 |m http://is.stuba.sk/zp/portal_zp.pl?podrobnosti=99994 |n B-STOP |o 5.2.8. stavebníctvo, 6.4.1. vodné hospodárstvo | ||